Tell the world: (Record no. 17268)

000 -LEADER
fixed length control field 00641nam a2200181 a 4500
001 - CONTROL NUMBER
control field :::00021121$&:&@@
003 - CONTROL NUMBER IDENTIFIER
control field OkBaRHE
005 - DATE AND TIME OF LATEST TRANSACTION
control field 20070420163107.0
008 - FIXED-LENGTH DATA ELEMENTS--GENERAL INFORMATION
fixed length control field s1973 j 000 0 eng u
040 ## - CATALOGING SOURCE
Transcribing agency
100 1# - MAIN ENTRY--PERSONAL NAME
Personal name Blessitt, Arthur
245 10 - TITLE STATEMENT
Title Tell the world:
Remainder of title a Jesus people manual
260 ## - PUBLICATION, DISTRIBUTION, ETC. (IMPRINT)
Place of publication, distribution, etc Old Tappan NJ
Name of publisher, distributor, etc Fleming H. Revell Company
Date of publication, distribution, etc 1973
300 ## - PHYSICAL DESCRIPTION
Extent 94p
650 ## - SUBJECT ADDED ENTRY--TOPICAL TERM
Topical term or geographic name as entry element Witteness bearing Christianity Jesus revolution,opportunities to witteness, Jesus Marches Wittnessing at special events
942 ## - ADDED ENTRY ELEMENTS (KOHA)
Source of classification or shelving scheme
Koha item type Books
Copies
Shelving location Barcode Copy number Lost status Date last seen Withdrawn status Date acquired Damaged status Koha item type Not for loan Price effective from Source of classification or shelving scheme Full call number Permanent Location
General Stacks211211 2010-04-14 2010-04-14 Books 2010-04-14 BV 3790 .B52RHEMA Bible Training College